000 00332nam a2200133Ia 4500
008 190723s9999 xx 000 0 und d
020 _a13:978-0-07-107052-2
100 _aStephen J.Chapman
245 0 _aElectric Machinery Fundamentals
250 _a4th
260 _aIndia
_bMcGraw Hill
_c2015
300 _a746:p
942 _cBK
999 _c1490
_d1490